Statistics for Utah

Click here to take the quiz!

General Stats

  • This quiz has been taken 17 times
  • The average score is 4 of 15

Answer Stats

HintAnswer% Correct
What is the abbreviation for the state of Utah?UT
100%
What is the Capital City of Utah?Salt Lake City
73%
What is the coldest month in Utah?January
60%
What is the hottest month in Utah?July
60%
What tribe is "Utah" named after?Ute
60%
What two football teams cause tension in Utah?BYU and UTAH
40%
What percentage of Utah is 5-9 years old?.4%
27%
What does Utah claim?Greatest Snow on Earth
20%
What percentage of Utah is under 5 years old?9.4%
7%
What is the average winter weather in Utah?20F
0%
What percent of Utah is Female?49.6%
0%
What percentof Utah is Male?50.1
0%
What is the average summer weather in Utah?92F
0%
What is Utah famous for?Best skiing in the country
0%
What is the primary religion in Utah?Mormonism (members of the church of Jesus Christ of Latter Day Saints
0%

Score Distribution

Percentile by Number Answered

Percent of People with Each Score

Your Score History

You have not taken this quiz